| 000 | 00598cam a22002291 4500 | ||
|---|---|---|---|
| 001 | sa 68006164 | ||
| 003 | DLC | ||
| 005 | 20260227112514.0 | ||
| 008 | 890514s1966 xx 000 0 beno | ||
| 010 | _asa 68006164 | ||
| 035 | _a(OCoLC)23540238 | ||
| 040 |
_aDLC _cMiU _dDLC |
||
| 042 | _apremarc | ||
| 050 | 0 | 0 |
_aBP80.M84 _bA65 |
| 100 | 1 | _aAhmed, Nuruddin. | |
| 245 | 1 | 0 | _aKhājā Garība Naoẏāja. |
| 260 | _c[1966] | ||
| 300 |
_a8, 120 p. _c22 cm. |
||
| 500 | _aRomanized. | ||
| 600 | 0 | 0 |
_aMuʻīnuddīn Ḥasan Cishtī Sanjarī Ajmerī, _d1143?-1234? |
| 740 | 0 | _aKhawaja Garib Nawaz. | |
| 999 |
_c81135 _d81135 |
||